Formel 1 GP-Siege in einer Saison - Statistiken

Allgemein
  • Dieses Quiz wurde 117 mal gespielt
  • Das Durchschnittsergebnis liegt bei 6 aus 10
Antwortstatistiken
# Siege Prozentual Antwort % Korrekt
1 19 86% Verstappen
100%
3 13 72% Schumacher
69%
2 15 68% Verstappen
67%
4 13 68% Vettel
60%
5 11 65% Schumacher
57%
5 11 65% Hamilton
56%
7 11 58% Vettel
51%
7 11 58% Hamilton
46%
9 11 52% Hamilton
43%
9 11 52% Hamilton
38%
Keine übereinstimmenden Quizze gefunden
Verteilung der Resultate
Anzahl Personen mit jedem Resultat
Perzentil nach korrekt beantworteten Fragen
Ihre Resultats-Entwicklung
Sie haben dieses Quiz noch nicht gespielt